Estatísticas para Maiores Artilheiros do Estádio Mineirão

Clique aqui para jogar o quiz

Estatísticas Gerais

  • Esse quiz foi jogado 24 vezes
    (15 desde o último reset)
  • A pontuação média é 3 de 5

Estatísticas das Respostas

HintResposta% Correto
CAM 152Reinaldo
100%
CEC 143Tostão
89%
CAM 129Dadá Maravilha / Dadá / Dário
67%
CEC 126Dirceu Lopes / Dirceu / Príncipe
22%
CEC 113Palinha
11%

Distribuição das Pontuações

Percentil de Números Respondidos

Porcentagem de Pessoas com Cada Pontuação

Sua Pontuação Histórica

Você não jogou esse quiz desde o último reset